The Limits of Law. (Record no. 237)

MARC details
005 - DATE AND TIME OF LATEST TRANSACTION
control field 20250708131151.0
020 ## - INTERNATIONAL STANDARD BOOK NUMBER
International Standard Book Number 0 406 55242 8
082 ## - DEWEY DECIMAL CLASSIFICATION NUMBER
Classification number LM 347.052 ALL
100 ## - MAIN ENTRY--PERSONAL NAME
Author name ALLOT, A.
245 ## - TITLE STATEMENT
Title The Limits of Law.
260 ## - PUBLICATION, DISTRIBUTION, ETC.
Place of publication, distribution, etc. England,
Name of publisher, distributor, etc. Butterworth & Co. Publishers Ltd,
Date of publication, distribution, etc. 1980.
300 ## - PHYSICAL DESCRIPTION
Extent xxii, 332p.: table
Other physical details Glossary & Index
Dimensions 22cm.
942 ## - ADDED ENTRY ELEMENTS (KOHA)
Source of classification or shelving scheme Dewey Decimal Classification
Koha item type Books
Holdings
Date last seen Total checkouts Full call number Barcode Price effective from Koha item type Lost status Source of classification or shelving scheme Damaged status Not for loan Withdrawn status Home library Current library Date acquired
03/10/2025   L.M. 000000815 03/10/2025 Books   Dewey Decimal Classification       College of Business Education Main Library College of Business Education Main Library 03/10/2025